02270nam a2200217Ia 4500003000900000005001700009008004100026040001300067040001300080041000800093100004300101245006800144260002100212300001200233490002600245500002300271520162900294942001201923999001701935952010001952IT-RoPAU20220918175646.0120407s9999 xx 000 0 und d aIT-RoPAU cIT-RoPAU aita aPie Discepole del Divin Maestro924412 aDivin Maestro. Pie Discepole del Divin Maestro dal 1981 al 1990 aRomabPDDMc1990 c34,5 cm vPDDM dal 1981 al 1990 aAd uso manoscritto aIndice generale Anno 1981 N. 1 - Ottobre 1981 N. 2 - Novembre 1981 N. 3 - Dicembre 1981 Anno 1982 N. 4 - Gennaio 1982 N. 5 - Marzo 1982 N. 6 - Giugno 1982 N. 7 - Ottobre - 1982 N. 8 - Dicembre 1982 Anno 1983 N. 9 - Gennaio 1983 N. 10 - Febbraio 1983 N. 11 - Marzo 1983 N. 12 - Aprile 1983 N. 13 - Maggio 1983 N. 14 - Giugno 1983 N. 15 - Luglio - Agosto 1983 N. 16 - Settembre 1983 N. 17 - Ottobre 1983 N. 18 - Novembre 1983 Anno 1984 N. 19 - Gennaio 1984 N. 20 - Febbraio 1984 N. 21 - Marzo 1984 Anno 1985 N. 22 - Gennaio - Febbraio 1985 N. 23 - Marzo - Aprile 1985 N. 24 - Maggio - Giugno 1985 N. 27 - Novembre - Dicembre 1985 Anno 1986 N. 28 - Gennaio - Febbraio 1986 N. 29 - Marzo - Aprile 1986 N. 30 - Maggio - Giugno 1986 N. 31 - Luglio - Agosto 1986 N. 32 - Settemmbre - Ottobre 1986 N. 33 - Novembre - Dicembre 1986 Anno 1987 N. 34 - Gennaio - Febbraio 1987 N. 35 - Marzo - Aprile 1987 N. 36 - Maggio - Giugno 1987 N. 37 - Luglio - Agosto N. 38 - Settembre - Ottobre 1987 N. 39 - Novembre 1987 N. 40 - Dicembre 1987 Anno 1988 N. 41 - Gennaio - Febbraio 1988 N. 42 - Marzo - Aprile 1988 N. 43 - Maggio - Giugno 1988 N. 44 - Luglio - Agosto 1988 N. 45 - Settembre - Ottobre 1988 N. 46 - Novembre - Dicembre 1988 Anno 1989 N. 47 - Gennaio - Febbraio 1989 N. 48 - Marzo - Aprile 1989 N. 49 - Maggio - Giugno 1989 N. 50 - Luglio - Agosto 1989 N. 51 - Settembre - Ottobre 1989 N. 52 - Novembre - Dicembre 1989 Anno 1990 N. 53 - Gennaio - Febbraio 1990 N. 54 - Marzo - Aprile 1990 N. 55 - Maggio - Giugno 1990 N. 56 - Luglio - Agosto 1990 N. 57 - Settembre - Ottobre 1990 N. 58 - Novembre - Dicembre 1990  cBK2ddc c23779d23779 00102ddc406P_D571aPAULUSbPAULUSd2012-04-11l0oP D5r2012-04-11 00:00:00w2012-04-11yBK